L'accroissement de la productivité dans les industries de transformation
Guardado en:
| Formato: | Libro |
|---|---|
| Lenguaje: | Undetermined |
| Publicado: |
Geneva
Pais
1954
|
| Materias: | |
| Etiquetas: |
Agregar Etiqueta
Sin Etiquetas, Sea el primero en etiquetar este registro!
|
| Thư viện lưu trữ: | Trung tâm Học liệu Trường Đại học Cần Thơ |
|---|
| LEADER | 00423nam a2200145Ia 4500 | ||
|---|---|---|---|
| 001 | CTU_85648 | ||
| 008 | 210402s9999 xx 000 0 und d | ||
| 082 | |a 338.4 | ||
| 082 | |b L128 | ||
| 245 | 0 | |a L'accroissement de la productivité dans les industries de transformation | |
| 260 | |a Geneva | ||
| 260 | |b Pais | ||
| 260 | |c 1954 | ||
| 650 | |a industry transformation | ||
| 980 | |a Trung tâm Học liệu Trường Đại học Cần Thơ | ||